000 00582nam a22001817a 4500
003 OSt
005 20250709080408.0
008 250709b |||||||| |||| 00| 0 eng d
020 _a 9789719654438
040 _aDWCL - Main lib
_cOC
082 _aFil. 174.4 L961s 2016
100 _aLuna, Alden Reuben B.
245 _aSocial responsibility and good governance/
_cAlden Reuben B. Luna
260 _aManila :
_b Unlimited Books,
_cc2016.
300 _avi, 280 pages :
_billustrations ;
_c23 cm.
650 _a1. Social responsiblity of business.
942 _2ddc
_cBK - FIL
_kFil.
_n0
999 _c3543
_d3543